Novo código de processo civil : (Record no. 838)

MARC details
000 -LÍDER
Campo Fixo de Controle 01022nam a2200277 a 4500
001 - NÚMERO DE CONTROLE
Campo de Controle 838
003 - IDENTIFICAÇÃO DO NÚMERO DE CONTROLE
Campo de Controle BR-CuiBMT
005 - DATA E HORA DA ÚLTIMA ATUALIZAÇÃO
Campo de Controle 20231127041206.0
008 - DADOS FIXOS
Dados Fixos 231107s2015 bab 001 0 por d
020 ## - INTERNATIONAL STANDARD BOOK NUMBER
Nº do ISBN 9788544204122
040 ## - AGÊNCIA CATALOGADORA
Código da Agência Catalogadora BR-CuiBMT
Agência que transcreveu o registro BR-CuiBMT
080 ## - Nº DA CLASSIFICAÇÃO DECIMAL UNIVERSAL
Nº edição CDU 2007
Nº Class. CDU 347.91/.95
Subd. Auxiliar Comum (81)
090 ## - NÚMERO DE CHAMADA
Nº classificação 347.91/.95(81)
Cutter D556n
100 1# - ENTRADA PRINCIPAL -- AUTOR PESSOAL
Nome pessoal Didier Junior, Fredie,
Datas associadas ao nome 1974-
245 10 - TÍTULO PRINCIPAL
Título principal Novo código de processo civil :
Subtítulo comparativo com o código de 1973 /
Indicação de responsabilidade Fredie Didier Jr., Ravi Peixoto.
260 ## - PUBLICAÇÃO, DISTRIBUIÇÃO, ETC.
Local de publicação Salvador :
Editora JusPODIVM,
Data 2015.
300 ## - DESCRIÇÃO FÍSICA
N. páginas ou volumes 855 p. ;
Dimensões 24 cm
500 ## - NOTAS GERAIS
Notas gerais Inclui índice.
500 ## - NOTAS GERAIS
Notas gerais Anotado com referências ao Código Civil, à legislação extravagante, às resoluções do CNJ e CNMP e aos enunciados do Fórum Permanente de Processualidades Civis.
590 ## - NOTA LOCAL
Nota local A Biblioteca possui a 2. reimpr. 2015.
650 ## - ASSUNTO TÓPICO
Cabeçalho tópico ou nome geográfico Direito civil
Subdivisão geográfica Brasil
650 ## - ASSUNTO TÓPICO
Cabeçalho tópico ou nome geográfico Processo civil
Subdivisão geográfica Brasil
650 ## - ASSUNTO TÓPICO
Cabeçalho tópico ou nome geográfico Direitos e garantias e individuais
Subdivisão geográfica Brasil
700 1# - ENTRADA SECUNDÁRIA -- NOME PESSOAL
Nome pessoal Peixoto, Ravi
942 ## - ELEMENTOS DE ENTRADA ADICIONAIS (KOHA)
Fonte de classificação ou esquema de arquivamento Classificação Decimal Universal
Tipo de item do Koha Livros
Holdings
Estado: removido Estado: perdido Fonte de classificação ou esquema de arquivamento Estado: danificado Indisponível para empréstimo Localização permanente Localização atual Data de aquisição Total Checkouts Número de Chamada completo Código de barras Date last seen Número do exemplar Preço efetivo a partir de Tipo de item (Koha) Nota pública
    Classificação Decimal Universal     Biblioteca da Escola Superior de Contas do TCE/MT Biblioteca da Escola Superior de Contas do TCE/MT 21/11/2023   347.91/.95(81) D556n BIBTCEMT23110778 21/11/2023 Ex. 1 21/11/2023 Livros 2. reimpr. 2015

Powered by Koha